Asymptotics of nonlinearities and operator equations
Saved in:
| Main Author: | |
|---|---|
| Other Authors: | |
| Format: | Book |
| Language: | English Russian |
| Published: |
Basel ; Boston :
Birkhauser Verlag,
c1995
|
| Series: | Operator theory, advances and applications ;
; 76 |
| Subjects: | |
| Tags: |
Add Tag
No Tags, Be the first to tag this record!
|
MARC
| LEADER | 00000nam a2200000 i 4500 | ||
|---|---|---|---|
| 001 | 1/69212 | ||
| 008 | 990209s1995 eng d | ||
| 020 | |a 3-7643-5175-6 | ||
| 035 | |l 10047785 | ||
| 040 | |a GR-MY-UA |b gre |e aacr | ||
| 041 | 0 | |a eng |h rus | |
| 082 | 0 | |a 515.724 | |
| 100 | 1 | |a Krasnosel'skii, M.A. | |
| 245 | 1 | 0 | |a Asymptotics of nonlinearities and operator equations / |c Alexander M. Krasnosel'skii ; translated from the russian by Mircea Martin |
| 260 | |a Basel ; Boston : |b Birkhauser Verlag, |c c1995 | ||
| 300 | |a viii, 278 p.; |c 24 cm. | ||
| 490 | 1 | |a Operator theory, advances and applications |v ; 76 | |
| 500 | |a Includes bibliographies and index | ||
| 650 | 0 | 0 | |a Operator equations, Nonlinear. |
| 700 | 1 | |a Martin, Mircea |d 1953- |4 trl | |
| 830 | 0 | |a Operator theory, advances and applications ; |v ; 76 | |
| 852 | |a INST |b SAMOS |e 19990209 |h 515.724 KRA |p 005300013475 |q 005300013475 |t BK |y 0 | ||
| 901 | |a BIBL-1999-1 | ||
| 909 | |a Σ |b 060661 | ||
| 922 | |a 3ΕΛΗ |b 199901 |c ΕΠΕΑΕΚ/ΜΑΘ |d LEADER | ||